| 000 | 00541nam a2200169 i 4500 | ||
|---|---|---|---|
| 001 | 69867 | ||
| 003 | ES-MaACL | ||
| 005 | 20230906170637.0 | ||
| 007 | t| | ||
| 008 | 040713s1977 sp ||||1| spa d | ||
| 100 | 1 |
_aGarcía-Lomas, G. Adriano. _954832 |
|
| 245 | 1 | 4 |
_aLos pasiegos _b: estudio crítico, etnológico y pintoresco : (años 1011 a 1960) / _cG. Adriano García-Lomas. |
| 250 | _a2ª ed. | ||
| 260 |
_aSantander : _bEstudio, _c[1977] |
||
| 300 |
_a396 p., 4 lám. : _bil., map. ; _c28 cm. |
||
| 852 |
_aES-MaACL _jA-7305 _bR.96272 |
||
| 999 |
_c69867 _d69867 |
||